000 00564nam a22001577a 4500
005 20251108165417.0
008 250721s1996 xx 000 0 ara d
082 1 4 _aم/213.66/احا
245 1 0 _aالأحاديث القدسية :
_bيشمل على الأحاديث القدسية في كتب الحديث :موطأ مالك /
264 1 _aبيروت :
_bدار الفكر للطباعة و النشر،
_c1996.
300 _a2ج في مجلد واحد
650 1 7 _aالإسلام
650 1 7 _aالحيث الشريف
942 _2ddc
_cREF
999 _c27236
_d27236